| 000 | 00358nam a2200133Ia 4500 | ||
|---|---|---|---|
| 008 | 170516s9999 xx 000 0 und d | ||
| 245 | _aGold Nanorods Based Platforms for Light-Mediated Theranostics | ||
| 260 | _bTheranostics | ||
| 260 | _c2013 | ||
| 300 | _a3:3 | ||
| 650 | _xMedical Technology | ||
| 650 | _xMedtech | ||
| 856 | _uhttp://www.thno.org/v3i3 | ||
| 999 |
_c330293 _d330293 |
||